Series of Things #1 - Statistics

General Stats
  • This quiz has been taken 101,744 times
    43,864 since last reset
  • The average score is 16 of 24
Answer Stats
Series Next in order % Correct
Past, Present Future
99%
Second, Minute Hour
99%
Single, Double Triple
96%
Good, Better Best
95%
Mercury, Venus Earth
93%
Solid, Liquid Gas
90%
Hexagon, Heptagon Octagon
86%
Solo, Duet Trio
86%
Hamlet, Village Town
74%
Stone Age, Bronze Age {Iron} Age
73%
Pebble, Stone, Rock Boulder
68%
Charlie, Delta, Echo Foxtrot
61%
Washington, Adams Jefferson
61%
Milli, Micro Nano
60%
Eins, Zwei Drei
59%
Hydrogen, Helium Lithium
53%
Straight, Flush Full House
50%
Pound, Shilling Pence
50%
Walk, Trot, Canter Gallop
48%
Eagle, Birdie, Par Bogey
47%
Waning Gibbous, Quarter, Waning Crescent New Moon
38%
Cum Laude, Magna Cum Laude {Summa} Cum Laude
35%
Raiders of the Lost Ark, Temple of Doom The Last Crusade
30%
Triassic, Jurassic Cretaceous
29%
No matching quizzes found
Score Distribution
Percent of People with Each Score
Percentile by Number Answered
Your Score History
You have not taken this quiz since the last reset